000
00238nam a22000857a 4500
008
160714b xxu||||| |||| 00| 0 eng d
100
_9
2828
_a
Kumar T
245
_a
Rabindranath Tagore (Hindi)
260
_a
New Delhi
_b
Step by Step Publication
_c
2011
999
_c
2422
_d
2422